| 000 | 01108nam a2200373 a 4500 | ||
|---|---|---|---|
| 003 | AR-BaBNM | ||
| 005 | 20251128203854.0 | ||
| 008 | 082120s2002 ||||||||||||||000 | spa|| | ||
| 040 | _cAR-BaBNM | ||
| 100 | 1 | _aRogers, Carl R. | |
| 245 | 0 | 0 |
_aLibertad y creatividad en la educación _bel sistema no directivo |
| 260 |
_aBuenos Aires _bPaidós _c1978 |
||
| 300 | _a256 p. | ||
| 490 | 0 |
_aBiblioteca del educador contemporáneo _vv. 8 |
|
| 500 | _aVersión castellana de Silvia Vetrano | ||
| 504 | _aBibliografía por Alice Elliott | ||
| 650 | 4 | _aAPRENDIZAJE | |
| 650 | 4 | _aENSEÑANZA | |
| 650 | 4 | _aLIBERTAD DE ENSEÑANZA | |
| 650 | 4 | _aSISTEMAS ESCOLARES | |
| 650 | 4 | _aENFOQUE INTERDISCIPLINARIO | |
| 650 | 4 | _aFILOSOFIA DE LA EDUCACION | |
| 650 | 4 | _aAXIOLOGIA | |
| 650 | 4 | _aGRUPOS AUTODIRIGIDOS | |
| 650 | 4 | _aCREATIVIDAD | |
| 650 | 4 | _aCAMBIO DE ACTITUD | |
| 650 | 4 | _aPLANES EDUCACIONALES | |
| 653 | _aEDUCACION SUPERIOR | ||
| 653 | _aINVESTIGACION EDUCATIVA | ||
| 800 | 1 | _aRomero Brest, Gilda Lamarque de | |
| 800 | 1 |
_aBernstein, Jaime _edirector |
|
| 942 | _cBK | ||
| 998 | _cCarmen | ||
| 999 |
_c5272 _d5272 |
||